000 00799nam a2200241 a 4500
001 000012172
005 20240412074230.0
008 091106s1994 dr 000 j spa d
040 _aDO-SdBNP
_bspa
_cBNPHU
082 _aRD863.44
_bD542o, 1994
100 1 _aDíaz, Vigil,
_d1880-1961
_922114
245 1 0 _aOregano :
_bcuentos criollos /
_cVigil Díaz ; prólogo Rafael Americo Henríquez.
250 _a2a. ed.
260 _aSanto Domingo :
_bTaller,
_c1994.
300 _a151 p. ;
_c19 cm.
490 1 _aBiblioteca Taller
_v298
590 _aInventariado , 2019/BT
650 0 _aCuentos dominicanos
_9176
650 0 _aLiteratura dominicana.
_967
700 1 2 _aHenríquez, Rafael Americo
_epról.
_927386
830 0 _aBiblioteca Taller
_n298
_928779
910 _aValidado. Control de calidad MFF
999 _c11837
_d11837